Error judicial y error inexcusable : (Registro nro. 172917)
[ vista simple ]
| 000 -LEADER | |
|---|---|
| fixed length control field | 01306nam a22003251i 4500 |
| 001 - CONTROL NUMBER | |
| control field | bslw10065362 |
| 006 - FIXED-LENGTH DATA ELEMENTS--ADDITIONAL MATERIAL CHARACTERISTICS--GENERAL INFORMATION | |
| fixed length control field | m o d |
| 007 - PHYSICAL DESCRIPTION FIXED FIELD--GENERAL INFORMATION | |
| fixed length control field | cr un ---uuuua |
| 008 - FIXED-LENGTH DATA ELEMENTS--GENERAL INFORMATION | |
| fixed length control field | 230705s2022 ck ob 000 0 spa d |
| 020 ## - INTERNATIONAL STANDARD BOOK NUMBER | |
| International Standard Book Number | 9789587916430 |
| 035 ## - | |
| -- | 38611 |
| 040 ## - CATALOGING SOURCE | |
| Original cataloging agency | UtOrBLW |
| Language of cataloging | eng |
| Description conventions | rda |
| Transcribing agency | UtOrBLW |
| 043 ## - | |
| -- | s-ec--- |
| 050 #4 - | |
| -- | KHK2561 |
| -- | .H47 2022 |
| 082 04 - | |
| -- | 347.866012 |
| -- | 23 |
| 100 1# - MAIN ENTRY--PERSONAL NAME | |
| Personal name | Hernández Terán, Miguel, |
| Relator term | author. |
| 245 10 - TITLE STATEMENT | |
| Title | Error judicial y error inexcusable : |
| Remainder of title | análisis, doctrina, jurisprudencia, actualidad / |
| Statement of responsibility, etc | Miguel Hernández Terán (Profesor de Derecho Constitucional y Derecho Administrativo, Director de las Maestrías en Derecho Constitucional y en Derecho con mención en Derecho Procesal, Universidad Católica de Santiago de Guayaquil). |
| 264 #1 - | |
| -- | Bogotá, Colombia : |
| -- | Grupo Editorial Ibáñez, |
| -- | [2022] |
| 300 ## - PHYSICAL DESCRIPTION | |
| Extent | 1 online resource (151 pages) |
| 336 ## - | |
| -- | text |
| -- | txt |
| -- | rdacontent |
| 337 ## - | |
| -- | computer |
| -- | c |
| -- | rdamedia |
| 338 ## - | |
| -- | online resource |
| -- | cr |
| -- | rdacarrier |
| 504 ## - BIBLIOGRAPHY, ETC. NOTE | |
| Bibliography, etc | Includes bibliographical references. |
| 650 #0 - SUBJECT ADDED ENTRY--TOPICAL TERM | |
| Topical term or geographic name as entry element | Judicial error |
| Geographic subdivision | Ecuador. |
| 650 #0 - SUBJECT ADDED ENTRY--TOPICAL TERM | |
| Topical term or geographic name as entry element | Justice, Administration of |
| Geographic subdivision | Ecuador. |
| 650 #0 - SUBJECT ADDED ENTRY--TOPICAL TERM | |
| Topical term or geographic name as entry element | Constitutional law |
| Geographic subdivision | Ecuador. |
| 856 40 - LOCALIZACIÓN Y ACCESO ELECTRÓNICO | |
| Identificador Uniforme del Recurso (URI/URL) | https://app.vlex.com/#/sources/38611 |
| 942 ## - | |
| -- | RAA |
| 999 ## - | |
| -- | 172917 |
| -- | 172917 |
No hay ítems disponibles.